Handbook for Basic English Course : Introduction to English Grammar Syntax and Composition. (Record no. 2855)

MARC details
005 - DATE AND TIME OF LATEST TRANSACTION
control field 20250529152554.0
020 ## - INTERNATIONAL STANDARD BOOK NUMBER
International Standard Book Number 9976 63 346 7
082 ## - DEWEY DECIMAL CLASSIFICATION NUMBER
Classification number 425 MAH
100 ## - MAIN ENTRY--PERSONAL NAME
Author name MAHUNDU, C. M.
245 ## - TITLE STATEMENT
Title Handbook for Basic English Course : Introduction to English Grammar Syntax and Composition.
250 ## - EDITION STATEMENT
Edition statement 3rd Ed
260 ## - PUBLICATION, DISTRIBUTION, ETC.
Place of publication, distribution, etc. Tanzania,
Name of publisher, distributor, etc. Peramiho,
Date of publication, distribution, etc. 1999.
300 ## - PHYSICAL DESCRIPTION
Extent viii, 143p.: ill.; table
Other physical details Index
Dimensions 20cm.
942 ## - ADDED ENTRY ELEMENTS (KOHA)
Source of classification or shelving scheme Dewey Decimal Classification
Koha item type Books
Holdings
Date last seen Total checkouts Full call number Barcode Cost, replacement price Price effective from Koha item type Lost status Source of classification or shelving scheme Damaged status Not for loan Withdrawn status Home library Current library Shelving location Date acquired Cost, normal purchase price
05/29/2025   425 MAH 0000008773 30000.00 05/29/2025 Books   Dewey Decimal Classification       College of Business Education Main Library College of Business Education Main Library Special Reserve Collection 05/09/2000 10000.00
05/29/2025   425 MAH 0000008774 30000.00 05/29/2025 Books   Dewey Decimal Classification       College of Business Education Main Library College of Business Education Main Library Special Reserve Collection 05/09/2000 10000.00
05/29/2025   425 MAH 0000008775 30000.00 05/29/2025 Books   Dewey Decimal Classification       College of Business Education Main Library College of Business Education Main Library Special Reserve Collection 05/09/2000 10000.00
05/29/2025   425 MAH 0000008776 30000.00 05/29/2025 Books   Dewey Decimal Classification       College of Business Education Main Library College of Business Education Main Library Special Reserve Collection 05/09/2000 10000.00